000 00286nam a2200121Ia 4500
008 190216s9999||||xx |||||||||||||| ||und||
100 _aCole.Rj
245 0 _aVector Methods
250 _a1st Ed.
260 _bVan Nostrand Reinhold Company
_c1974
650 _aMathematics
942 _cBK
999 _c30627
_d30627